000 00396nam a22001697a 4500
999 _c8334
_d8334
003 GBCCL
005 20241126110648.0
008 200115b ||||| |||| 00| 0 eng d
040 _cgbc
082 _a261
_bTHA
100 _aThawng, Dongza
_914515
240 _aLamka kahna
245 _aLamka cry
260 _aChurachandpur:
_bRuth Messenger,
_c2019
300 _a410p.
942 _2ddc
_cBK
_022